|
|
|
|
| LEADER |
00000cam a2200000 7i4500 |
| 001 |
0000017245 |
| 005 |
20160330.0 |
| 008 |
080514 |
| 020 |
|
|
|a 9838092975
|
| 020 |
|
|
|a 9838092983 (set)
|
| 090 |
0 |
0 |
|a 580
|b MOH
|
| 100 |
0 |
|
|a Mohd. Azhar Zakaria
|
| 245 |
1 |
4 |
|a The animal kingdom
|c Mohd. Azhar Zakaria
|
| 260 |
|
|
|a Kuala Lumpur :
|b Cipta Publishing ,
|c 2005
|
| 440 |
|
|
|a Understanding the world around us
|
| 500 |
|
|
|a Teenager ages 13-18 years old (blue)
|
| 650 |
|
0 |
|a Animal
|
| 700 |
0 |
|
|a Rajendran M. Manikam
|
| 700 |
0 |
|
|a Redzuan Saad
|
| 999 |
|
|
|a 0000921226
|b Book
|c Children Collection
|e Cawangan Bukit Gambir
|
| 999 |
|
|
|a 0000921228
|b Book
|c Children Collection
|e Cawangan Bukit Gambir
|
| 999 |
|
|
|a 0000932328
|b Book
|c Children Collection
|e Cawangan Tangkak
|
| 999 |
|
|
|a 0000981725
|b Book
|c Teenagers
|e Perbadanan Perpustakaan Awam Johor
|
| 999 |
|
|
|a 0000981726
|b Book
|c Teenagers
|e Perbadanan Perpustakaan Awam Johor
|
| 999 |
|
|
|a 0000981727
|b Book
|c Teenagers
|e Perbadanan Perpustakaan Awam Johor
|
| 999 |
|
|
|a 0000981728
|b Book
|c Teenagers
|e Perbadanan Perpustakaan Awam Johor
|